000
00291nam a22001337a 4500
008
180105b xxu||||| |||| 00| 0 eng d
020
_a
1879364026
041
_a
eng
080
_a
338
100
_a
53
101
_a
MNG
245
_a
The Memory Jogger Plus+
_c
Brassard, M
942
_2
udc
_c
BK
999
_c
39809
_d
39809